Super Smash Bros. Ultimate - PGRU v3 NA - Statistics

General Stats
  • This quiz has been taken 121 times
    56 since last reset
  • The average score is 41 of 55
Answer Stats
Rank Character Country Player % Correct
3 Wario France Glutonny
100%
1 Byleth, Corrin Mexico MkLeo
100%
5 Diddy Kong, Sephiroth USA Tweek
100%
8 Roy, Cloud USA Kola
97%
4 Fox USA Light
97%
10 Mr. Game & Watch Mexico Maister
97%
17 Zero Suit Samus, Joker USA Marss
97%
6 Terry, Kazuya Canada Riddles
97%
12 Sonic DR Sonix
97%
2 Cloud, Pyra & Mythra Mexico Sparg0
97%
7 Rosalina, Olimar USA Dabuz
94%
11 Sonic, Sephiroth Japan KEN
94%
14 Dark Samus Spain Sisqui
94%
13 Peach USA MuteAce
91%
9 R.O.B. USA Zomba
88%
36 R.O.B. Mexico BigBoss
85%
20 Wolf Canada Ouch!?
85%
27 Corrin USA SHADIC
85%
34 Snake USA ApolloKage
82%
25 Jigglypuff USA BassMage
82%
35 Pikachu, Mii Brawler USA ESAM
82%
37 Captain Falcon USA Fatality
82%
46 Incineroar Mexico Skyjay
82%
49 Ice Climbers Canada Big D
79%
26 Ness Japan Gackt
79%
15 Olimar USA Myran
79%
33 Falco USA Tilde
79%
16 Palutena Mexico Chag
76%
22 Pyra and Mythra USA Cosmos
76%
48 Bowser USA LeoN
76%
45 Megaman USA Peabnut
76%
21 Palutena, Fox USA Lui$
74%
24 Roy, Ike USA Goblin
71%
23 Wolf USA Jakal
71%
30 Snake USA MVD
71%
39 Diddy Kong, R.O.B. USA Aaron
65%
41 Luigi USA Elegant
65%
31 Ness USA Scend
65%
47 Mario USA Dark Wizzy
62%
18 Steve USA DDee
62%
44 Steve USA Jake
62%
32 Pokémon Trainer, Wolf Japan Atelier
59%
40 Falco, Wolf USA Larry Lurr
59%
42 Young Link USA skittles
59%
43 Captain Falcon USA Sean
56%
51 Samus USA IcyMist
53%
28 Peach USA Ling
53%
29 Sephiroth USA Ned
53%
50 R.O.B. USA Anathema
50%
19 Steve USA yonni
50%
38 Ryu USA Ikan
47%
51 Young Link USA Toast
47%
51 Olimar Japan Tsubotsubo
32%
51 Samus USA Teaser
29%
51 Kazuya USA Axiom XL
21%
No matching quizzes found
Score Distribution
Percent of People with Each Score
Percentile by Number Answered
Your Score History
You have not taken this quiz since the last reset